000 01250nam a2200337 a 4500
001 ebr10288601
003 CaPaEBR
006 m u
007 cr cn|||||||||
008 080815s2009 caua s 000 0deng d
010 _z 2008035703
020 _z9781582434544
020 _z9781582439860
040 _aCaPaEBR
_cCaPaEBR
035 _a(OCoLC)646810072
041 1 _aeng
_hjpn
043 _aa-ja---
050 1 4 _aBQ9399.E597
_bY67 2009eb
082 0 4 _a294.3/927092
_222
100 1 _aYoshizawa, Katsuhiro.
245 1 4 _aThe religious art of Zen Master Hakuin
_h[electronic resource] /
_ccommentary by Katsuhiro Yoshizawa ; edited and translated by Norman Waddell.
260 _aBerkeley, Calif. :
_bCounterpoint,
_c2009.
300 _ax, 255 p. :
_bill.
533 _aElectronic reproduction.
_bPalo Alto, Calif. :
_cebrary,
_d2013.
_nAvailable via World Wide Web.
_nAccess may be limited to ebrary affiliated libraries.
600 0 0 _aHakuin,
_d1686-1769.
650 0 _aZen painting
_zJapan.
655 7 _aElectronic books.
_2local
700 1 _aWaddell, Norman.
710 2 _aebrary, Inc.
856 4 0 _uhttp://site.ebrary.com/lib/rucke/Doc?id=10288601
_zAn electronic book accessible through the World Wide Web; click to view
999 _c1037
_d1037